Countries Larger Than All Their Neighbors Combined - Statistics

General Stats
  • This quiz has been taken 49 times
  • The average score is 5 of 6
Answer Stats
Country % of Neighbors Area % Correct
Russia 105.32%
98%
Canada 106.53%
92%
Indonesia 235.56%
92%
Dominican Republic 175.39%
83%
United Kingdom 345.65%
83%
Saudi Arabia 145.43%
75%
No matching quizzes found
Score Distribution
Percent of People with Each Score
Percentile by Number Answered
Your Score History
You have not taken this quiz